000 00656nam a2200229 a 4500
003 DO-SdBNP
005 20260202095303.0
007 ta
008 220408e2012 dr ||||er|||| 001 0dspa d
040 _aDO-SdBNP
_bspa
_cBNPHU
082 4 _222
_bV732p 2012
245 1 0 _aPrácticas fundamentales /
_cEfraín Villegas Quintero
250 _a4a ed.
260 _a[Santo Domingo] :
_bGamma,
_c2012.
300 _a200 p. ;
_c21 cm.
500 _aIncluye datos biográficos del autor en la solapa de la cubierta.
590 _aInventariado 2022 / MF
650 0 _aEspiritualidad
_9613
650 4 _9687
_aMeditación
910 _aMFeliz
942 _2ddc
_cLBS1
999 _c51506
_d51506